Bundesliga Abschlusstabelle 2024 - Statistiken

Allgemein
  • Dieses Quiz wurde 583 mal gespielt
  • Das Durchschnittsergebnis liegt bei 15 aus 18
Antwortstatistiken
# Verein X:X TD Punkte % Korrekt
1 Bayer 04 Leverkusen 89:24 +65 90
100%
2 VfB Stuttgart 78:39 +39 73
98%
3 FC Bayern München 94:45 +49 72
97%
5 Borussia Dortmund 68:43 +25 63
95%
4 RB Leipzig 77:39 +38 65
95%
6 Eintracht Frankfurt 51:50 1 47
92%
17 1.FC Köln 28:60 -32 27
84%
16 VfL Bochum 42:74 -32 33
84%
8 1.FC Heidenheim 50:55 -5 42
83%
7 TSG 1899 Hoffenheim 66:66 0 46
82%
18 SV Darmstadt 98 30:86 -56 17
81%
15 1.FC Union Berlin 33:58 -25 33
79%
9 SV Werder Bremen 48:54 -6 42
78%
14 Borussia Mönchengladbach 56:67 -11 34
75%
10 SC Freiburg 45:58 -13 42
75%
12 VfL Wolfsburg 41:56 -15 37
74%
11 FC Augsburg 50:60 -10 39
73%
13 1.FSV Mainz 05 39:51 -12 35
68%
Keine übereinstimmenden Quizze gefunden
Verteilung der Resultate
Anzahl Personen mit jedem Resultat
Perzentil nach korrekt beantworteten Fragen
Ihre Resultats-Entwicklung
Sie haben dieses Quiz noch nicht gespielt